Представление документа в формате RUSMARC

ПолеНазваниеЗначение
  Тип записи a
  Библиографический уровень m
001 Контрольный номер RU/SLIB/B/208727226
005 Дата корректировки 20201206204011.4
010 Индекс ISBN __
d Цена 1-50
101 Язык документа __
a Язык текста rus
c Язык оригинала rus
200 Заглавие и сведения об ответственности __
a Заглавие Монархи против народов
e Сведения, относящиеся к заглавию дипломатическая борьба на развалинах наполеоновской империи
f Первые сведения об ответственности Л. А. Зак
b Общее обозначение материала Текст
210 Выходные данные __
a Место издания М.
c Издательство Междунар. отношения
d Дата издания 1966
215 Физическое описание __
a Объем 375, [1] с.
320 Библиография __
a Библиография Источники и лит.: с. 357-371. - Указ. имен: с. 372-376
330 Аннотация __
a Аннотация Вот уже 150 лет Венский конгресс привлекает внимание историографии и публицистики в европейских странах, а также и в США. Деятельность Конгресса описана в многочисленных трудах.
600 Персоналии __
a Персоналии (Фамилия) Наполеон, Б.
g Полное имя Бонапарт
601 Наименование организации как предмет __
a Наименование организации как предмет Венский конгресс
606 Тематические рубрики __
a Основная рубрика История
606 Тематические рубрики __
a Основная рубрика Новое время
y Географическая подрубрика Австрия; Европа; Италия; Франция
610 Ключевые слова __
a Ключевые слова монархия; дипломатическая борьба; дипломатия; дипломатические отношения; конгрессы; войны; международные отношения; внешняя политика
686 Индексы других классификаций __
a Классификационный индекс 63.3(0)52-6
700 Автор _1
a Фамилия Зак
b Имя Л. А.
g Полное личное имя Леонид Абрамович
4 Код отношения 070
801 Источник записи _0
a Страна RU
b Организация Муниципальное бюджетное учреждение культуры "Централизованная библиотечная система" г. Сургут (Центральная городская библиотека им. А. С. Пушкина)
g Правила каталогизации КиК/Уланова
801 Источник записи _1
a Страна RU
b Организация Муниципальное бюджетное учреждение культуры "Централизованная библиотечная система" г. Сургут (Центральная городская библиотека им. А. С. Пушкина)
g Правила каталогизации КиК/Уланова
852 Данные о местонахождении __
j Шифр хранения 63.3(0)52-6
c Каталожный индекс 63.3(0)52-6
i Авторский знак З-18
p Инвентарный номер 19159(с)
901 Тип документа __
t Тип документа m
903 Характеристики (МАРС) __
a Дата передачи 20081007
990 Данные о заказе (DOS) __
j Количество экземпляров (DOS) 1